| 000 | 00850cam a2200217 a 4500 | ||
|---|---|---|---|
| 001 | ne 65001235 | ||
| 003 | DLC | ||
| 005 | 20260227111814.0 | ||
| 008 | 980116m19369999iq b 001 0 arar | ||
| 010 | _ane 65001235 | ||
| 040 |
_aDLC _cDLC _dDLC |
||
| 050 | 0 | 0 |
_aZ7835.M6 _bA38 1935 _aBP193.3 |
| 100 | 2 |
_aĀghā Buzurg al-Ṭihrānī, Muḥammad Muḥsin, _d1875-1970. |
|
| 245 | 1 | 3 |
_aal-Dharīʻah ilá taṣānīf al-Shīʻah, _ctaʼlīf Muḥammad al-shahīr bi-al-Shaykh Āghā Buzurg al-Ṭihrānī. |
| 260 |
_aal-Najaf, _bMaṭbaʻat al-Gharrī, _c1936-<1986 > |
||
| 300 |
_av. <1-7, 9 pt. 1-8, 11-19, 21-22, 24, 26 > ; _c25 cm. |
||
| 500 | _aAdded t.p.: v. 9, pt. 3: Bibliography of Shiʼite's literary works. | ||
| 500 | _aIncludes indexes. | ||
| 650 | 0 |
_aShīʻah _xBibliography. |
|
| 740 | 0 | _aBibliography of Shiʼite's literary works. | |
| 999 |
_c48192 _d48192 |
||